000 01495cam a2200241 4500
008 040426n2003 000 0 eng u
020 _a0110472527
035 _a(Sirsi) u128649
041 _aeng
245 4 _aThe Leasehold Reform (Collective Enfranchisement and Lease Renewal) (Amendment) (England) Regulations 2003
260 _aLondon
_bHMSO
_c2003
490 _aSI
_v2003: 1990
520 _aAmends the Leasehold Reform (Collective Enfranchisement and Lease Renewal) Regulations 2003 which set out the procedure to be followed in relation to applications for collective enfranchisement and lease renewal, made under the Leasehold Reform, Housing and Urban Development Act 1993. Consequential to amendments made to the 1993 ss13 and 39 by the Commonhold and Leasehold Reform Act 2002 s120 and Sched 14 abolishing the residence test. View at www.legislation.hmso.gov.uk
590 _aCLR
650 _aCOMMONHOLD AND LEASEHOLD REFORM ACT 2002
650 _aLEASEHOLD REFORM (COLLECTIVE ENFRANCHISEMENT AND LEASE RENEWAL) REGULATIONS 2003
650 _aLEASEHOLD REFORM (COLLECTIVE ENFRANCHISEMENT AND LEASE RENEWAL) (AMENDMENT) (ENGLAND) REGULATIONS 2003
650 _aCOLLECTIVE ENFRANCHISEMENT
650 _aLEASEHOLD REFORM (COLLECTIVE ENFRANCHISEMENT AND LEASE RENEWAL) REGULATIONS 2003
690 _aLANDLORD AND TENANT-LEASEHOLD REFORM
856 _uhttps://www.legislation.hmso.gov.uk/si/si2003/20031990.htm
_zView the Regulations on the HMSO website...
942 _n0
999 _c103970
_d103970